00931 2200313 4500001002100000005001500021035002000036007000300056040001600059100002700075245010500102250001300207300003600220020002200256041000800278082001000286084001600296090002400312264003600336336002100372337003000393338002300423650001900446700004700465700003600512850001000548008004100558990001800599INLIS00000000000453420260525110542 a0010-0122000166ta aSBUPADbind1 aFrith, AlexePengarang1 aApa yang Terjadi pada Diriku ? /cFrith ,Alex ; Penerjemah, Esthetika Wulandari;Editor, Danu Nugraha a.-Cet. 5 a48 Hal. :billus. ;c15,3x23 cm a978-979-015-592-31 aind a152.5 a152.5 FRI a a150.1 BOE g L 4 R 3 a.--Indonesia :bErlangga,c2007 2rdacontentaTeks 2rdamediaaTanpa Perantara 2rdacarrieravolume 4aBuku Anak-Anak0 aPenerjemah, Esthetika WulandariePengarang0 aEditor, Danu NugrahaePengarang aPUPAD260525 0  a14049/BR/2010